Concurrent Systems / Operating Systems, Database and Distributed Systems: an Integrated Approach (Record no. 3600)
[ view plain ]
| 000 -LEADER | |
|---|---|
| fixed length control field | 01176cam a22002054a 4500 |
| 005 - ΗΜΕΡΟΜΗΝΙΑ ΚΑΙ ΩΡΑ ΤΕΛΕΥΤΑΙΑΣ ΕΝΗΜΕΡΩΣΗΣ | |
| Πεδίο ελέγχου | 20250605164120.0 |
| 008 - FIXED-LENGTH DATA ELEMENTS--GENERAL INFORMATION | |
| Πεδίο ελέγχου σταθερού μήκους | 250528s ||||||||||||||||||||||||d |
| 035 ## - SYSTEM CONTROL NUMBER | |
| System control number | 18225 |
| 020 ## - ISBN | |
| ISBN | 201177676 |
| 040 ## - ΠΗΓΗ ΚΑΤΑΛΟΓΟΓΡΑΦΗΣΗΣ | |
| Φορέας πρωτότυπης καταλογογράφησης | MC Athens Campus Library |
| Γλώσσα καταλογογράφησης | Ελληνικά, Μοντέρνα (1453-) |
| Modifying agency | MC Athens Campus Library |
| Κανόνες περιγραφικής καταλογογράφησης | AACR2 |
| 245 1# - ΤΙΤΛΟΣ ΚΑΙ ΔΗΛΩΣΗ ΥΠΕΥΘΥΝΟΤΗΤΑΣ | |
| Τίτλος | Concurrent Systems / Operating Systems, Database and Distributed Systems: an Integrated Approach |
| 250 ## - EDITION STATEMENT | |
| Edition statement | 2nd |
| 260 ## - PUBLICATION, DISTRIBUTION, ETC. | |
| Name of publisher, distributor, etc. | Addison Wesley Longman, |
| Date of publication, distribution, etc. | 1997 |
| 300 ## - PHYSICAL DESCRIPTION | |
| Extent | 720 |
| 520 ## - SUMMARY, ETC. | |
| Summary, etc. | This book presents a modern approach to software systems, ideally suited to the needs of today's students and programmers. Introduction: Examples and Requirements, Background and Fundamentals, Support for Processes, Fundamentals of distributed systems, Memory Management, File Management, Single Concurrent Actions, System Structure, Language Primitives for Shared Memory, IPC and System Structure, Crash Resilience and Persistent Data, Concurrent Composite Actions, Resource allocation and Deadlock, Transactions, Recovery, Distributed Transactions, Distributed Computations, System Case Studies, Bibliography, Glossary, Index. |
| 700 1# - ΠΡΟΣΘΕΤΗ ΑΝΑΓΡΑΦΗ--ΦΥΣΙΚΟ ΠΡΟΣΩΠΟ | |
| Personal name | Bacon Jean |
| 9 (RLIN) | 4510 |
| 942 ## - ADDED ENTRY ELEMENTS (KOHA) | |
| Koha item type | Books |
| Τύπος τεκμηρίου | Βιβλιοθήκη | Τρέχουσα τοποθεσία | Barcode | Αριθμός εισαγωγής | Ημερομηνία απόκτησης | Ταξιθετικό σύμβολο | Αριθμός αντιτύπου | Κατάσταση απόσυρσης | Κατάσταση χαμένου | Κατάσταση κατεστραμμένου | Μη δανεισμός | Σύνολο δανεισμών | Ημερομηνία τελευταίας εμφάνισης | Η τιμή ισχύει από |
|---|---|---|---|---|---|---|---|---|---|---|---|---|---|---|
| Books | MC Athens Campus Library | MC Athens Campus Library | 9780000035998 | 2419 | 05/06/2025 | 005.4475 BAC | 1 | 05/06/2025 | 05/06/2025 |